| 000 | 01486cam a2200277 4500 | ||
|---|---|---|---|
| 001 | L157557 | ||
| 002 | ## | ||
| 008 | 050825n2009 000 0 eng u | ||
| 020 | _a9780414040137 | ||
| 035 | _a(Sirsi) u157557 | ||
| 041 | 0 | _aeng | |
| 050 | 0 | 4 | _a692.8 $2 18 |
| 110 | 2 |
_aJoint Contracts Tribunal _93664 |
|
| 240 | 0 | 0 | _aDBSub/G |
| 245 | 0 | 0 |
_aDBSub/G _bDesign and Build Sub-Contract Guide 2005, Revision 2009 |
| 260 |
_aLondon _bSweet and Maxwell Limited _c2009 |
||
| 300 |
_aii, 39p _c30cm. |
||
| 350 | _a15.95 | ||
| 505 | 2 | _aIntroduction -- Details of the sub-contract -- Agreement -- General -- Recitals -- Articles -- Sub-contract particulars -- Attestation -- Schedule of information -- Supplemental particulars -- Conditions -- Definitions and interpretation -- Carrying out the sub-contract works -- Control of the sub-contract works -- Payment -- Valuation of work and variations -- Injury, damage and insurance -- Termination -- Settlement of disputes -- Forms of bonds -- Fluctuations options -- Examples of a priced activity schedule. | |
| 520 | _aProvides a guide to the JCT Design and Build Sub-Contract (2005 edition). Revision | ||
| 650 | 2 | 4 | _aJCT DESIGN AND BUILD SUBCONTRACT (2005 EDITION) (REVISION 2009) |
| 650 | 2 | 4 | _aJCT DESIGN AND BUILD CONTRACT (2005 EDITION) (REVISION 2009 |
| 651 | 4 |
_aUnited Kingdom _y |
|
| 690 | _aBUILT ENVIRONMENT-BUILDING CONTRACT FORMS-STANDARD FORMS OF BUILDING CONTRACT-JOINT CONTRACTS TRIBUNAL CONTRACTS | ||
| 942 | _n0 | ||
| 999 |
_c114837 _d114837 |
||